Girls Names that start with an A - Statistics

General Stats
  • This quiz has been taken 2,726 times
  • The average score is 20 of 43
Answer Stats
Hint Answer % Correct
Ann
92%
Anna
86%
Amy
80%
Ava
74%
Alison
72%
Abigail
71%
Amelia
67%
Ashley
66%
Alexa
65%
Aria
65%
Amanda
64%
Angel
61%
Alicia
58%
Alexandra
56%
Andrea
56%
Annabel
52%
Angela
51%
Ariana
50%
Audrey
50%
Alexis
49%
Amber
49%
Avery
49%
Ada
48%
Addison
45%
Adrian
44%
Alyssa
44%
Aubrey
42%
Ariel
40%
April
39%
Alana
36%
Adele
35%
Alexandria
32%
Anastasia
27%
Aaliyah
26%
Ashlyn
24%
Astrid
22%
Ayla
21%
Adelyn
19%
Aileen
18%
Annika
13%
Ariane
13%
Amberly
9%
Alida
6%
No matching quizzes found
Score Distribution
Percent of People with Each Score
Percentile by Number Answered
Your Score History
You have not taken this quiz